000 00837nam a2200277Ia 4500
001 21743
005 20260320113309.0
008 260320s9999||||xx |||||||||||||| ||und||
020 _a9786124943065
041 _aESP
082 _a345.7
_bU61
100 _a
_e
110 _aUnidad de Investigación Académica de Praxis
245 0 _aPraxis de escritos y documentos del proceso civil
_b
246 _a
_5
_b
250 _aPrimera edición
260 _aLima :
_bPraxis,
_c2025
300 _a1198 páginas :
_b
_c25 cm.
_e
440 _a(Derecho Procesal Civil)
_n
_v
650 _aCIS
653 _aDerecho; Derecho procesal civil; Proceso civil
654 _aDER
700 _a
_c
856 _uhttps://login.ucsp.lookproxy.com/login?url=https://app.vlex.com
_zVéase además: Base de datos Vlex
942 _cLIB
_dJUS
_fTRC
_2ddc
_n
999 _c21743
_d21743